Statistics for Empires SMP

Click here to take the quiz!

General Stats

  • This quiz has been taken 174 times
  • The average score is 21 of 36

Answer Stats

HintAnswer% Correct
Member #8Smallishbeans/Joel
97%
Member #4Smajor/Scott/Dangthatsalongname
96%
Member #5GeminiTay/Gem
94%
Member #1Fwhip
93%
Member #12Pearlescentmoon/Pearl
92%
Member #11JoeyGraceffa/Joey
91%
Member #9LDShadowLady/Lizzy
91%
Member #2MythicalSausage/Sausage
90%
Member #3Solidarity/Jimmy
90%
Member #6KatherineElizabeth/Katherine
89%
Member #10Pixlriffs/Pix
89%
Member #7Shubble/Shelby
88%
Member #9's EmpireOcean Empire
69%
Member #5's EmpireCrystal Cliffs
68%
Member #1's EmpireThe Grimlands
67%
Member #3's EmpireThe Cod Empire
63%
Member #2's EmpireMythland
62%
Member #4's EmpireRivendell
62%
Member #7's EmpireThe Undergrove
57%
Member #10's EmpirePixandria
56%
Member #11's EmpireLost Empire
54%
Member #8's EmpireMezalea
49%
Empire #4's ExportWool/String
46%
Empire #1's ExportGunpowder
45%
Empire #2's ExportIron
44%
Empire #8's ExportTerracotta/Concrete/Moss
44%
Empire #9's ExportPrismarine/DarkPrismarine/SeaLanterns
40%
Empire #6's ExportFlowers/Dye
36%
Member #6's EmpireHouse Blossom
34%
Empire #3's ExportSlime
34%
Empire #12's ExportSugarcane
31%
Empire #10's ExportCopper
29%
Empire #5's ExportAmethystBlocks/Crystals/Potions
21%
Member #12's EmpireGilded Helianthia
12%
Empire #7's ExportWarpedStems/CrimsonStems
2%
Empire #11's ExportTotemofUndyings
1%

Score Distribution

Percentile by Number Answered

Percent of People with Each Score

Your Score History

You have not taken this quiz